000
00286nam a22001337a 4500
008
170608b xxu||||| |||| 00| 0 eng d
020
_a
9789280811667
041
_a
eng
080
_a
324
100
_a
17
101
_a
SHP
245
_a
FULL PARTICIPARION
_c
BIRCH, S
942
_2
udc
_c
BK
999
_c
16523
_d
16523